Movies Quiz

Random Movies or Nintendo Quiz

Tommy Lee Jones movies Quiz Stats

 Plays Quiz not verified by Sporcle

Challenge
Share
Tweet
Embed
Score 0/45 Timer 09:00
0 Plays Today
Character Movie % Correct
Kevin Brown/Agent KMen In Black
93.3%
Kevin Brown/Agent KMen In Black 2
91.4%
Marshal Samuel GerardThe Fugitive
89.2%
Harvey Dent/Two FaceBatman Forever
77.1%
Cheif Deputy Marshal Samuel GerardU.S. Marshals
71.8%
Ed Tom BellNo Country For Old Men
71.8%
Ty CobbCobb
53.5%
Clay ShawJFK
48.4%
Hawk HawkinsSpace Cowboys
42.6%
Doolittle 'Mooney' Lynn aka 'Doo'Coal Miner's Daughter
40.7%
'Reverend' Roy FoltriggThe Client
38.4%
William StrannixUnder Siege
37.1%
Roland SharpMan of The House
35.8%
Hank DeerfieldIn The Valley of Elah
34.1%
Col. Hayes 'Hodge' HodgesRules of Engagement
29%
Samuel Jones/Chaa-duu-ba-its-iidanThe Missing
28.5%
Warden Dwight McCluskyNatural Born Killers
27.8%
Travis LehmanDouble Jeopardy
26.2%
Mike RoarkVolcano
25.9%
Ryan GaerityBlown Away
25.7%
L.T. BonhamThe Hunted
23.4%
Woodrow F. CallLonesome Dove
21.8%
Maj. Henry 'Hank' MarshallBlue Sky
16.6%
Character Movie % Correct
Steve ButlerHeaven & Earth
14.7%
Pete PerkinsThe Three Burials of Melquiades Estrada
13.4%
Hank SimpsonLove Story
13.2%
Gary Mark GilmoreThe Executioner's Song
12.4%
John NevilleEyes of Laura Mars
12.3%
QuintBlack Moon Rising
11%
Thomas BoyetteThe Package
10.5%
Corporal Johnny VohdenRolling Thunder
7.9%
AxemanA Prairie Home Companion
7.9%
Captain Bully HayesNate and Hayes
7.2%
Brad LittleFire Birds
6.9%
Chip Hazard Small Soliders
6.9%
Howard HughesThe Amazing Howard Hughes
5.9%
Angelo PerinoThe Betsy
5.6%
Hewey CallowayThe Good Old Boys
5.2%
CosmoStormy Monday
4.9%
Jake BeerlanderHouse of Cards
4.8%
BillyThe River Rat
4.4%
Elmore PrattBack Roads
4.2%
GusLife Study
3.3%
Coley BlakeJackson County Jail
3.3%
George ColeThe Big Town
3.1%

You're not logged in!

Compare scores with friends on all Sporcle quizzes.
Join for Free
OR
Log In

You Might Also Like...

Show Comments

Extras

Top Quizzes Today


Score Distribution

Your Account Isn't Verified!

In order to create a playlist on Sporcle, you need to verify the email address you used during registration. Go to your Sporcle Settings to finish the process.

Report this User

Report this user for behavior that violates our Community Guidelines.

Details: